000 00403nam a22001217a 4500
082 _a200 THE
100 _aMADEEHA ZAFAR
_970498
245 _aTH-SOF-1196-CLASSIFICATION OF MRCP USING HYBRID FEATURES AND MEDIODS CLASSIFIER
260 _aIslamabad
_bNUST College of EME
_c2015
650 _aMS-COMPUTER ENGINEERING-77 MSTHESIS
_969779
700 _aSupervison DR MUHAMMAD USMAN AKRAM
_970153
942 _cCF
999 _c577475
_d577475